Normal view MARC view
  • TIWARI, DR. VARSHA AND AHMAD, DR, SHAMIM

Entry Personal Name

Number of records used in: 2

001 - CONTROL NUMBER

  • control field: 5025

003 - CONTROL NUMBER IDENTIFIER

  • control field: OSt

005 - DATE AND TIME OF LATEST TRANSACTION

  • control field: 20190603112934.0

008 - FIXED-LENGTH DATA ELEMENTS

  • fixed length control field: 190603|| aca||aabn | a|a d

040 ## - CATALOGING SOURCE

  • Original cataloging agency: OSt
  • Transcribing agency: OSt

100 ## - HEADING--PERSONAL NAME

  • Personal name: TIWARI, DR. VARSHA AND AHMAD, DR, SHAMIM

670 ## - SOURCE DATA FOUND

  • Source citation: Work cat.: (OSt): TIWARI, DR. VARSHA AND AHMAD, DR, SHAMIM, A PRACTICAL BOOK OF PHARMACOGNOSY AND PHY TO CHEMISTRY